Eusèbe de Césarée, Sérapion d'Antioche et l'Evangile de Pierre

Saved in:  
Bibliographic Details
Main Author: Junod, Éric 1942- (Author)
Format: Print Article
Language:Italian
Check availability: HBZ Gateway
Interlibrary Loan:Interlibrary Loan for the Fachinformationsdienste (Specialized Information Services in Germany)
Published: 1988
In: Rivista di storia e letteratura religiosa
Year: 1988, Volume: 24, Issue: 1, Pages: 3-16
Standardized Subjects / Keyword chains:B Eusebius, Caesariensis 260-339, Historia ecclesiastica / Serapion of Antiochia -211 / Gospel of Peter

MARC

LEADER 00000caa a22000002c 4500
001 1635911575
003 DE-627
005 20220616105054.0
007 tu
008 160405s1988 xx ||||| 00| ||ita c
035 |a (DE-627)1635911575 
035 |a (DE-576)464111579 
035 |a (DE-599)BSZ464111579 
040 |a DE-627  |b ger  |c DE-627  |e rakwb 
041 |a ita 
084 |a 1  |a 0  |2 ssgn 
100 1 |0 (DE-588)1057909157  |0 (DE-627)795401361  |0 (DE-576)161623719  |4 aut  |a Junod, Éric  |d 1942- 
109 |a Junod, Éric 1942- 
245 1 0 |a Eusèbe de Césarée, Sérapion d'Antioche et l'Evangile de Pierre 
264 1 |c 1988 
336 |a Text  |b txt  |2 rdacontent 
337 |a ohne Hilfsmittel zu benutzen  |b n  |2 rdamedia 
338 |a Band  |b nc  |2 rdacarrier 
689 0 0 |d u  |0 (DE-588)4192312-1  |0 (DE-627)105235466  |0 (DE-576)210079614  |a Eusebius  |2 gnd  |c Caesariensis  |d 260-339  |t Historia ecclesiastica 
689 0 1 |d p  |0 (DE-588)100335411  |0 (DE-627)690311060  |0 (DE-576)288647548  |2 gnd  |a Serapion  |c Antiochia, Bischof  |d -211 
689 0 2 |d u  |0 (DE-588)4173966-8  |0 (DE-627)10537590X  |0 (DE-576)209953942  |a Evangelium Petri  |2 gnd 
689 0 |5 (DE-627) 
773 0 8 |i In  |t Rivista di storia e letteratura religiosa  |d Firenze : Olschki, 1965  |g 24(1988), 1, Seite 3-16  |w (DE-627)165723947  |w (DE-600)6756-8  |w (DE-576)014427966  |x 0035-6573  |7 nnas 
773 1 8 |g volume:24  |g year:1988  |g number:1  |g pages:3-16 
935 |a mteo 
951 |a AR 
ELC |b 1 
ITA |a 1  |t 1 
LOK |0 000 xxxxxcx a22 zn 4500 
LOK |0 001 3292747163 
LOK |0 003 DE-627 
LOK |0 004 1635911575 
LOK |0 005 20160405110528 
LOK |0 008 160404||||||||||||||||ger||||||| 
LOK |0 040   |a DE-Tue135  |c DE-627  |d DE-Tue135 
LOK |0 092   |o n 
LOK |0 852   |a DE-Tue135 
LOK |0 852 1  |9 00 
LOK |0 935   |a ixzs  |a ixmi 
LOK |0 939   |a 04-04-16  |b l01 
ORI |a SA-MARC-ixtheoa001.raw 
REL |a 1 
STA 0 0 |a Gospel of Peter,Peter 
SUB |a REL 
SYG 0 0 |a Eusebius,Caesariensis,260-339,Kirchengeschichte,Eusebius,Caesariensis,260-339,Ekklēsiastikē historia,Eusebius,Caesariensis,260-339,Histoire ecclésiastique,Eusebius,Caesariensis,260-339,The ecclesiastical history,Eusebius,Caesariensis,260-339,Histoire eccleésiastique , Serapion,Antiochenus,-211,Serapion,de Antiochia,-211,Serapion,von Antiochien,-211,Serapio,Antiochenus,-211,Serapio,Scriptor Ecclesiasticus,-211,Serapion,Scriptor Ecclesiasticus,-211,Serapion,Episcopus,-211,Sérapion,dÁntioche,-211,Serapion,von Antiocheia,-211,Serapion,Bischof,-211 , Evangelium nach Petrus,Petrusevangelium,Evangelium sancti Petri,Bibel,Neues Testament,Apokryphen,Petrusevangelium,Evangile de Pierre,Vangelo di Pietro (biblisches Apokryph)